000 01203cam a2200337 i 4500
001 013552548
003 EG-ScBUE
005 20260512101059.0
008 070410s2007 enka f b f001 0 eng d
020 _a9780521671910 (pbk.)
020 _a0521671914 (pbk.)
040 _aStDuBDS
_beng
_erda
_cStDuBDS
_dUk
_dEG-ScBUE
082 0 4 _a572.86072
_bCRI
_222
100 1 _aCristianini, Nello,
_eauthor.
_96151
245 1 0 _aIntroduction to computational genomics :
_ba case studies approach /
_cNello Cristianini and Matthew W. Hahn.
264 1 _aCambridge :
_bCambridge University Press,
_c2007.
300 _axvii, 182 pages :
_billustrations ;
_c25 cm
336 _2rdacontent
_atext
_btxt
337 _aunmediated
_2rdamedia
_bn
338 _avolume
_bnc
_2rdacarrier
504 _aIncludes bibliographical references and index.
650 7 _aGenomics
_xStatistical methods.
_2BUEsh
650 7 _aComputational biology.
_2BUEsh
650 7 _aGenomics
_xData processing.
_2BUEsh
650 7 _aGenomics
_vProblems, exercises, etc.
_2BUEsh
651 _2BUEsh
653 _bPPhrm
_cMarch2016
655 _vReading book
700 1 _aHahn, Matthew William,
_d1975-
_eauthor.
_939625
942 _2ddc
_cBB
999 _c21471
_d21443